Zimné kúzlo s vôňou škorice

Saved in:
Bibliographic Details
Main Author Jones, Kvarnström, Ruth
Format Electronic eBook
LanguageCzech
Published Metafora SK 2021
Edition1. elektronické vydání
Subjects
Online AccessDostupné v BOOKPORT po přihlášení pomocí eduID
ISBN978-80-8090-269-8
978-80-8090-268-1
Physical Description1 online zdroj (368 stran)

Cover

LEADER 00000nam a2200000 i 4500
001 bkp100079
003 CZ-prgp
005 20230313115030.0
006 m o d
007 cr cn
008 230313s2021 xr o 000 1 cze
020 |a 978-80-8090-269-8  |c 334 Kč  |q (online ; pdf) 
020 |a 978-80-8090-268-1  |c 392 Kč  |q (print) 
040 |a Grada  |b cze  |e rda 
100 1 |a Jones, Kvarnström, Ruth 
245 1 0 |a Zimné kúzlo s vôňou škorice  |c Ruth Jones Kvarnström 
250 |a 1. elektronické vydání 
264 1 |b Metafora SK  |c 2021 
300 |a 1 online zdroj (368 stran) 
336 |a text  |b txt  |2 rdacontent 
337 |a počítač  |b c  |2 rdamedia 
338 |a online zdroj  |b cr  |2 rdacarrier 
520 3 |a Do Halleholmu prichádza zima s kúzelnou predvianočnou atmosférou, no Lovisu prenasledujú spomienky na liečbu a smrť jej sestry. Keď na rakovinu ochorie matka jej priateľa, v ich vzťahu sa začínajú objavovať nedorozumenia. Zrazu treba hľadať odpovede na mnohé ťaživé otázky skôr, ako sa ich láska a s ňou aj krásna atmosféra zrútia ako domček z karát. 
650 0 4 |a Společenské romány 
856 4 0 |u https://www.bookport.cz/AccountSaml/SignIn/?idp=https://shibboleth.utb.cz/idp/shibboleth&returnUrl=/kniha/zimne-kuzlo-s-vonou-skorice-11637/  |y Dostupné v BOOKPORT po přihlášení pomocí eduID